000
00233nam a2200085Ia 4500
008
211105s9999 xx 000 0 und d
020
_a
"
100
_a
KILLEN, Roy
_9
108046
245
0
_a
Teaching strategies for outcomes-based education
999
_c
579601
_d
579600